000 00389nam a2200181Ia 4500
001 1126
005 20260306140609.0
008 260306t2000||||xx |||||||||||||| ||spa||
041 _aESP
082 _a184
_bP66
100 _aPlatón
_eAUT
245 0 _aDiálogos
260 _c2000
300 _a787 páginas :
_c22 cm.
650 _aGEN
654 _aCHU
942 _cLIB
_dJUS
_fJUS
_2ddc
_n
999 _c1126
_d1126